ბათუმის შოთა რუსთაველის სახელმწიფო უნივერსიტეტის ბიბლიოთეკა

ძველი საქართველო : (ბიბ.ჩანაწერი № 57174)

000 -ლიდერი
ფიქსირებული სიგრძის საკონტროლო ველი 01283nam a22002177a 4500
003 - საკონტროლო ნომრის იდენტიფიკატორი
საკონტროლო ველი Ge_BSU
005 - ბოლო ოპერაციის თარიღი და დრო
საკონტროლო ველი 20191218104621.0
008 - ფიქსირებული სიგრძის მონაცემთა ელემენტები - ზოგადი ინფორმაცია
ფიქსირებული სიგრძის საკონტროლო ველი 191218s2013 ge ||||| |||| 00| 0 geo d
020 ## - წიგნის საერთაშორისო სტანდარტული ნომერი
International Standard Book Number 9789941198786
041 ## - ენის კოდი
Language code of text/sound track or separate title geo
080 ## - უნივერსალური ათობითი კლასიფიკაციის ინდექსი
Universal Decimal Classification number 271.22-9(479.22) ძ-48
245 ## - ცნობა სათაურის შესახებ
Title ძველი საქართველო :
Remainder of title ნაწ. 2. ღირსი გრიგოლ ხანძთელი და სამხრეთ საქართველო ის, რაც დავკარგეთ /
Statement of responsibility, etc პროექტის რედ. თ. მამაცაშვილი; შემდგ. კ. კენკიშვილი.
264 ## - წარმოების, გამოცემის, დისტრიბუციის და სხვა ცნობები
გამოცემის, წარმოების, დისტრიბუციის... ადგილი თბილისი :
გამოცემის, წარმოების, დისტრიბუციის... სახელწოდება გამომცემლობა პალიტრა L,
გამოცემის, წარმოების, დისტრიბუციის... თარიღი 2013.
300 ## - ფიზიკური აღწერა
Extent 199 გვ. ;
Other physical details 20 სმ.
490 ## - სერიის ცნობა
Series statement ყველა წმინდანი, რომლის შესახეაც უნდა იცოდე :
Volume number/sequential designation წ.13 .
International Standard Serial Number 2298-0547
653 ## - INDEX TERM--UNCONTROLLED
Uncontrolled term რელიგია
653 ## - INDEX TERM--UNCONTROLLED
Uncontrolled term საქართველოს წმინდანები
700 ## - ADDED ENTRY--PERSONAL NAME
Personal name მამაცაშვილი, თ.
Relator term პროექტის რედაქტორი
9 (RLIN) 4410
700 ## - ADDED ENTRY--PERSONAL NAME
Personal name კენკიშვილი, კ.
Relator term შემდგენელი
9 (RLIN) 5852
942 ## - ADDED ENTRY ELEMENTS (KOHA)
Source of classification or shelving scheme
Koha item type წიგნი
ეგზემპლარები
ჩამოწერის სტატუსი დაკარგული ეგზემპლარის სტატუსი კლასიფიკაციის წყარო ან თაროზე გაწყობის სქემა დაზიანების სტატუსი არ გაიცემა მუდმივი მდებარეობა (დაცვის ადგილი) ამჟამინდელი ადგილსამყოფელი თაროზე განთავსების ადგილი შეძენის თარიღი ღირებულება, შესყიდვის ნორმალური ფასი სრული შენახვის შიფრი შტრიხკოდი ბოლო ოპერაციის თარიღი ეგზემპლარის მიმდევრობითი ნომერი (კეტერი?) ფასის ძალაში შესვლის თარიღი ეგზემპლარის სახეობა საჯარო შენიშვნა
          ბათუმის შოთა რუსთაველის სახელმწიფო უნივერსიტეტის მთავარი ბიბლიოთეკა ბათუმის შოთა რუსთაველის სახელმწიფო უნივერსიტეტის მთავარი ბიბლიოთეკა წიგნსაცავი 2019-12-18 3.00 271.22-9(479.22) ძ-48 7091 2019-12-18 7091 2019-12-18 წიგნი 3 ლ.